000 00650nam a2200205Ia 4500
008 160803s9999 xx 000 0 und d
020 _a0 439256135
100 _aYoungs, Bettie B.
245 _aTaste berries for teens :
245 _binspirational short stories and encouragement on life, love, friendship, and tough issues /
245 _c[compiled by] Bettie B. Youngs, Jennifer Leigh Youngs ; with contributions from teens for teens.
260 _aNew York :
260 _bScholastic Inc.
260 _c1999
300 _a144 pages ;
300 _c21 cm
650 _aTeenagers --
650 _xConduct of life.
700 _a970
999 _c299803
_d299803